000 01387nam a2200289Ia 4500
999 _c51343
_d51343
001 18313
003 GE_BSU
005 20221130120854.0
008 181216s2015||||ge |||||||||||||| ||geo||
020 _a9789941073700x
040 _cGE_BSU
041 _ageo
080 _a159.964.2 ფ-95
100 _aფროიდი, ზიგმუნდ
_911892
245 _aყოველდღიური ცხოვრების ფსიქოპათოლოგია /
_cზიგმუნდ ფროიდი ; მთარგმნ.: ნინა და მარინა თურმანიძეები ; რედ. თამაზ თურმანიძე.
264 _aთბილისი :
_bპეგა,
_c.
300 _a188 გვ.;
_b20 სმ.
500 _a ავტორის განმარტებები: გვ. 175-187.
541 _h7ლ.20თ.
653 _aფსიქოლოგია
653 _aფსიქოანალიზი
653 _aფსიქოანალიზი
700 _aთურმანიძე, ნ. (ნინა)
_eმთარგმნელი
_916194
700 _aთურმანიძე, მ. (მარინა)
_eმთარგმნელი
_916214
700 _aთურმანიძე, თ. (თამაზ)
_eრედაქტორი
_916196
942 _cBK
_2udc